[Event "Baku Open A"]
[Site "Baku AZE"]
[Date "2011.08.06"]
[Round "1"]
[White "Iskandarov, Misratdin Mehdi oglu"]
[Black "Mamedov, Rauf"]
[Result "0-1"]
[BlackTitle "GM"]
[WhiteElo "2302"]
[BlackElo "2679"]
[WhiteFideId "13400312"]
[BlackFideId "13401653"]
[EventDate "2011.08.06"]

1. Nf3 g6 2. g3 Bg7 3. Bg2 e5 4. O-O d6 5. e4 Nf6 6. d4 exd4 7. Nxd4 O-O 8. Nc3
Nbd7 9. Re1 a6 10. a4 Re8 11. h3 Rb8 12. Bg5 h6 13. Bf4 Ne5 14. Nf3 Nfd7 15. Qe2
Nxf3+ 16. Qxf3 Ne5 17. Qe2 Be6 18. Rad1 b5 19. axb5 axb5 20. b3 Qd7 21. Nd5 c6
22. Ne3 Qe7 23. g4 Rbd8 24. Bg3 g5 25. Nf5 Bxf5 26. exf5 d5 27. f4 gxf4 28. Bxf4
Qb4 29. Bg3 Nd7 30. Qd2 Qxd2 31. Rxd2 Bc3 32. Rxe8+ Rxe8 33. Rd3 b4 34. Kf1 Ra8
35. Re3 Ra1+ 36. Ke2 Rc1 37. Re8+ Kg7 38. Rc8 Rxc2+ 39. Kf1 Bd4 40. Rc7 Nf6 41.
Bf3 c5 42. h4 Rc3 43. Kg2 Ne4 44. Bxe4 dxe4 45. Re7 Rxb3 46. g5 hxg5 47. hxg5
Rf3 48. f6+ Kg6 49. Rxe4 Rf5 0-1

[Event "Baku Open A"]
[Site "Baku AZE"]
[Date "2011.08.07"]
[Round "2"]
[White "Bruzon Batista, Lazaro"]
[Black "Zhukova, Natalia"]
[Result "1-0"]
[WhiteTitle "GM"]
[BlackTitle "GM"]
[WhiteElo "2673"]
[BlackElo "2412"]
[WhiteFideId "3503739"]
[BlackFideId "14101513"]
[EventDate "2011.08.06"]

1. e4 Nf6 2. e5 Nd5 3. d4 d6 4. Nf3 dxe5 5. Nxe5 g6 6. Bc4 c6 7. O-O Bg7 8. Re1
O-O 9. c3 Nd7 10. Nf3 N7b6 11. Bb3 a5 12. a3 Bf5 13. Bg5 a4 14. Ba2 Be6 15. Nbd2
Nc7 16. Bb1 f6 17. Bf4 Bf7 18. Bg3 Nb5 19. Ba2 Bxa2 20. Rxa2 Re8 21. Ra1 Nd6 22.
b4 Nbc4 23. Qe2 Nxd2 24. Nxd2 Qd7 25. Rad1 Rad8 26. Nf3 b5 27. Qa2+ Kh8 28. Re6
Nc4 29. Rde1 Bh6 30. Qa1 Kg7 31. h3 Kf7 32. R6e4 Qd5 33. R4e2 Ra8 34. Nh2 Bg7
35. Ng4 h5 36. Ne3 Nxe3 37. Rxe3 Bh6 38. R3e2 Qb3 39. Bc7 Rac8 40. Bb6 e6 41.
Bc5 Rcd8 42. Rb1 Qc4 43. Qb2 Bf4 44. Qc2 Bd6 45. Bxd6 Rxd6 46. Re4 Rd7 47. d5
cxd5 48. Rxc4 dxc4 49. Rd1 Red8 50. Rxd7+ Rxd7 51. Qe4 Rd1+ 52. Kh2 Rd5 53. Qe3
g5 54. Qa7+ Kg6 55. Qe7 Re5 56. g4 h4 57. Kg2 1-0

[Event "Baku Open A"]
[Site "Baku AZE"]
[Date "2011.08.07"]
[Round "2"]
[White "Mamedov, Rauf"]
[Black "Bajarani, Ulvi"]
[Result "1/2-1/2"]
[WhiteTitle "GM"]
[BlackTitle "IM"]
[WhiteElo "2679"]
[BlackElo "2424"]
[WhiteFideId "13401653"]
[BlackFideId "13403028"]
[EventDate "2011.08.06"]

1. g3 d5 2. Bg2 g6 3. d3 Bg7 4. Nd2 c5 5. e4 e6 6. Qe2 Ne7 7. Ngf3 Nbc6 8. h4 h6
9. O-O b6 10. Re1 a5 11. exd5 exd5 12. Nf1 O-O 13. c3 Nf5 14. Bf4 Ba6 15. Qd2
Kh7 16. a4 Ra7 17. N1h2 d4 18. c4 Bb7 19. Re2 Nb4 20. Rae1 Bc6 21. b3 Re7 22.
Rxe7 Nxe7 23. g4 Ng8 24. g5 h5 25. Be5 Re8 26. Bxg7 Kxg7 27. Ne5 Bxg2 28. Kxg2
Ne7 29. Nhf3 Nf5 30. Re4 Nd6 31. Re1 Nf5 32. Re4 1/2-1/2

[Event "Baku Open A"]
[Site "Baku AZE"]
[Date "2011.08.07"]
[Round "2"]
[White "Romanov, Evgeny"]
[Black "Hasanov, Shakhriyar Fuad oglu"]
[Result "1-0"]
[WhiteTitle "GM"]
[WhiteElo "2624"]
[BlackElo "2242"]
[WhiteFideId "4148843"]
[BlackFideId "13402196"]
[EventDate "2011.08.06"]

1. g3 g6 2. Bg2 Bg7 3. d4 Nf6 4. e4 d6 5. Nc3 O-O 6. Nge2 c5 7. dxc5 dxc5 8.
Qxd8 Rxd8 9. Be3 Na6 10. h3 Be6 11. a3 Bc4 12. f4 Rac8 13. Kf2 b6 14. Rad1 Nc7
15. b3 Bxe2 16. Nxe2 e5 17. fxe5 Nfe8 18. Bf4 Ne6 19. Nc3 N8c7 20. h4 Rd4 21.
Ne2 Rdd8 22. Bh3 h6 23. Nc3 g5 24. hxg5 hxg5 25. Be3 Bxe5 26. Nd5 Kf8 27. Nxc7
Rxc7 28. Rd5 Rxd5 29. exd5 Nd4 30. Bxg5 Nxc2 31. Bd8 Rb7 32. d6 Ke8 33. Bc7 Rxc7
34. dxc7 Bxc7 35. Bg2 Nd4 36. Bd5 f6 1-0

[Event "Baku Open A"]
[Site "Baku AZE"]
[Date "2011.08.07"]
[Round "2"]
[White "Mammadov, Ayaz Arzu oglu"]
[Black "Cheparinov, Ivan"]
[Result "0-1"]
[WhiteTitle "FM"]
[BlackTitle "GM"]
[WhiteElo "2382"]
[BlackElo "2669"]
[WhiteFideId "13402579"]
[BlackFideId "2905540"]
[EventDate "2011.08.06"]

1. e4 c5 2. Nf3 d6 3. d4 cxd4 4. Nxd4 Nf6 5. Nc3 a6 6. Be3 e5 7. Nf3 Be7 8. Bc4
Be6 9. Bb3 O-O 10. O-O Nbd7 11. Bg5 Qc7 12. Re1 b5 13. Re2 Rac8 14. Nd5 Bxd5 15.
Bxf6 Nxf6 16. Bxd5 Nxd5 17. Qxd5 Qc4 18. Qxc4 Rxc4 19. c3 f5 20. Nd2 Rc6 21. a4
bxa4 22. Rxa4 Rb8 23. Ra2 fxe4 24. Nxe4 d5 25. Ng3 Bf6 26. Nh5 Rb5 27. Kf1 Kf7
28. Nxf6 gxf6 29. Ke1 a5 30. Kd2 Ke6 31. Re1 h5 32. Rea1 Rcc5 33. Rb1 Rc4 34.
Rba1 d4 35. Kd3 Rcc5 36. cxd4 Rd5 37. Rc1 Rxd4+ 38. Ke2 a4 39. Rc2 Re4+ 40. Kf3
Rb3+ 41. Rc3 Rxc3+ 42. bxc3 f5 43. Rb2 Kd5 44. Rb5+ Kc4 45. Ra5 Kxc3 46. h3 Kb2
47. Ra8 a3 0-1

[Event "Baku Open A"]
[Site "Baku AZE"]
[Date "2011.08.07"]
[Round "2"]
[White "Iordachescu, Viorel"]
[Black "Idani, Pouya"]
[Result "1/2-1/2"]
[WhiteTitle "GM"]
[BlackTitle "FM"]
[WhiteElo "2646"]
[BlackElo "2406"]
[WhiteFideId "13900200"]
[BlackFideId "12510130"]
[EventDate "2011.08.06"]

1. c4 c5 2. Nf3 g6 3. d4 cxd4 4. Nxd4 Bg7 5. e4 Nc6 6. Be3 Nf6 7. Nc3 d6 8. Be2
O-O 9. O-O Nd7 10. Qd2 Nxd4 11. Bxd4 Bxd4 12. Qxd4 Qb6 13. Qd2 Nf6 14. Kh1 Be6
15. f4 Rac8 16. b3 Qa5 17. Rad1 Qc5 18. Bd3 a6 19. a4 Bd7 20. Qe1 Bc6 21. Rf3 a5
22. Bc2 Rcd8 23. Rd2 b6 24. Nd5 Bxd5 25. exd5 Rfe8 26. Re2 Kg7 27. h3 Qd4 28.
Rd2 Qc5 29. Re3 Qb4 30. g4 h6 31. g5 hxg5 32. fxg5 Nd7 33. Qa1+ Ne5 34. Rf2 Qc5
35. Qc3 Rh8 36. Kg2 Rh4 37. Rxe5 dxe5 38. Qxe5+ Kg8 39. Bxg6 fxg6 40. Qe6+ Kh8
41. Qe5+ Kg8 42. Qe6+ Kh8 43. Qe5+ Kg8 44. Qe6+ 1/2-1/2

[Event "Baku Open A"]
[Site "Baku AZE"]
[Date "2011.08.08"]
[Round "3"]
[White "Nigalidze, Gaioz"]
[Black "Mamedov, Rauf"]
[Result "0-1"]
[WhiteTitle "IM"]
[BlackTitle "GM"]
[WhiteElo "2448"]
[BlackElo "2679"]
[WhiteFideId "13603078"]
[BlackFideId "13401653"]
[EventDate "2011.08.06"]

1. d4 g6 2. c4 Bg7 3. e4 d6 4. Nc3 Nd7 5. Be3 e5 6. d5 Ne7 7. Bd3 O-O 8. Nge2 f5
9. f3 c5 10. a3 Nf6 11. b4 b6 12. Qd2 f4 13. Bf2 g5 14. h3 Ng6 15. bxc5 bxc5 16.
Na4 h5 17. Nec3 g4 18. hxg4 hxg4 19. Nb5 g3 20. Bg1 Rf7 21. Rb1 Bf8 22. Kd1 Bd7
23. Kc1 Be8 24. Kb2 Rb8 25. Ka2 Rfb7 26. Nbc3 Qa5 27. Rxb7 Rxb7 28. Bc2 a6 29.
Nb2 Qb6 30. Nd3 Rf7 31. Ne2 Qc7 32. Ndxf4 exf4 33. Nxf4 Nxf4 34. Qxf4 Bg7 35.
Qd2 Qb6 36. Qb4 Qb7 37. Qb3 Qxb3+ 38. Bxb3 Nxe4 39. fxe4 Rf1 40. Bc2 a5 41. e5
Bxe5 42. Bh7+ Kf8 43. Bb1 a4 0-1

[Event "Baku Open A"]
[Site "Baku AZE"]
[Date "2011.08.08"]
[Round "3"]
[White "Idani, Pouya"]
[Black "Gagunashvili, Merab"]
[Result "1/2-1/2"]
[WhiteTitle "FM"]
[BlackTitle "GM"]
[WhiteElo "2406"]
[BlackElo "2588"]
[WhiteFideId "12510130"]
[BlackFideId "13601652"]
[EventDate "2011.08.06"]

1. e4 d6 2. d4 Nf6 3. Nc3 g6 4. Bg5 Bg7 5. Qd2 h6 6. Bh4 g5 7. Bg3 Nh5 8. O-O-O
Nd7 9. e5 Nb6 10. Qe3 Bf5 11. Be2 Nxg3 12. hxg3 Qd7 13. f4 g4 14. Bd3 O-O-O 15.
Rh5 Bxd3 16. Qxd3 dxe5 17. fxe5 f6 18. Nge2 fxe5 19. Qg6 Rdg8 20. dxe5 Bxe5 21.
Rxd7 Rxg6 22. Rxe7 Bf6 23. Re4 Bg5+ 24. Kb1 Rf8 25. a3 Rf1+ 26. Ka2 Rd6 27. Rxg4
Rd2 28. Nd4 Rxg2 29. Ne4 Nd7 30. Nxg5 Nf6 31. Rxh6 Nxg4 32. Rh8+ Kd7 33. Rh7+
Kd6 34. Nb5+ Kd5 35. Rxc7 Rc1 36. Nc3+ Kd6 37. Nb5+ Kd5 38. Nh3 Rgxc2 39. Nf4+
Ke4 40. Re7+ Ne5 41. Nc3+ Rxc3 42. bxc3 Rxc3 43. Ng6 Rc5 44. Nxe5 Rxe5 45. Rxb7
Rg5 46. Rxa7 Rxg3 47. Rd7 Ke5 48. a4 Ke6 49. Rd1 Rg5 50. Kb3 Rd5 51. Rc1 Kd7 52.
Kb4 Rd2 53. Kb5 Rb2+ 54. Ka6 Rb3 55. a5 Rb2 56. Ka7 Rb3 57. a6 Rb2 58. Rh1 Kc7
59. Rh7+ Kc8 60. Rb7 Rh2 61. Rb3 Rc2 62. Ka8 Rc1 1/2-1/2

[Event "Baku Open A"]
[Site "Baku AZE"]
[Date "2011.08.09"]
[Round "4"]
[White "Bruzon Batista, Lazaro"]
[Black "Cheparinov, Ivan"]
[Result "1-0"]
[WhiteTitle "GM"]
[BlackTitle "GM"]
[WhiteElo "2673"]
[BlackElo "2669"]
[WhiteFideId "3503739"]
[BlackFideId "2905540"]
[EventDate "2011.08.06"]

1. d4 Nf6 2. c4 g6 3. Nf3 Bg7 4. g3 O-O 5. Bg2 d5 6. O-O Nc6 7. Nbd2 Be6 8. b3
Ne4 9. Bb2 f5 10. e3 Kh8 11. Qe2 Qe8 12. Rac1 Rd8 13. Rfd1 Bg8 14. cxd5 Bxd5 15.
Nxe4 Bxe4 16. Ng5 Bxg2 17. Kxg2 e6 18. Qb5 Rb8 19. Qc4 Rf6 20. d5 exd5 21. Rxd5
Ne7 22. Rc5 Rc6 1-0

[Event "Baku Open A"]
[Site "Baku AZE"]
[Date "2011.08.09"]
[Round "4"]
[White "Agaragimov, Djakhangir"]
[Black "Sanikidze, Tornike"]
[Result "0-1"]
[WhiteTitle "FM"]
[BlackTitle "GM"]
[WhiteElo "2352"]
[BlackElo "2525"]
[WhiteFideId "13401718"]
[BlackFideId "13602608"]
[EventDate "2011.08.06"]

1. d4 g6 2. Nf3 Bg7 3. Nbd2 Nf6 4. e4 d6 5. Bd3 O-O 6. O-O Nc6 7. c3 e5 8. h3
Nh5 9. Nb3 h6 10. Re1 Qf6 11. Be3 Nf4 12. Bxf4 Qxf4 13. Bb5 Nd8 14. Nc1 Qf6 15.
dxe5 dxe5 16. Nd3 Qd6 17. Qe2 c6 18. Ba4 Qc7 19. Rad1 Qa5 20. Qc2 Re8 21. Bb3
Ne6 22. Nd2 Qc7 23. Nf3 a5 24. a4 Rb8 25. Rd2 Bf6 26. Red1 b6 27. Ba2 Kg7 28.
Bc4 Ng5 29. Nde1 Be7 30. Nxg5 hxg5 31. Ba2 g4 32. hxg4 Bxg4 33. Nf3 Bc5 34. Rd3
Qe7 35. R1d2 Rh8 36. Qd1 Rh5 37. Qb3 Rbh8 38. Kf1 Rh1+ 39. Ke2 Be6 40. Qxe6 fxe6
41. Rd7 Kf6 42. Rxe7 Bxe7 43. Rd7 Ra1 44. Bb3 Rb1 45. Rd2 Rd8 46. Rc2 Ba3 0-1

[Event "Baku Open A"]
[Site "Baku AZE"]
[Date "2011.08.09"]
[Round "4"]
[White "Allahverdiev, Anar"]
[Black "Volkov, Sergey"]
[Result "0-1"]
[WhiteTitle "IM"]
[BlackTitle "GM"]
[WhiteElo "2421"]
[BlackElo "2607"]
[WhiteFideId "13400347"]
[BlackFideId "4122763"]
[EventDate "2011.08.06"]

1. c4 e5 2. g3 Nf6 3. Bg2 c6 4. a3 d5 5. cxd5 cxd5 6. d4 e4 7. Nc3 Be7 8. Nh3
Nc6 9. O-O O-O 10. Bg5 h6 11. Bxf6 Bxf6 12. e3 Bxh3 13. Bxh3 Na5 14. Qe2 a6 15.
b4 Nc6 16. Rac1 Qd6 17. Na4 Rfe8 18. Nc5 Re7 19. Qc2 Nd8 20. Qa2 g6 21. Na4 Ne6
22. Rc2 h5 23. Rfc1 Kg7 24. Bxe6 Qxe6 25. Rc5 Rd8 26. Qe2 h4 27. g4 h3 28. Rc7
Rxc7 29. Rxc7 b6 30. f4 exf3 31. Qxf3 Re8 32. Nc3 Qxe3+ 33. Qxe3 Rxe3 34. Nxd5
Rxa3 35. Nxf6 Kxf6 36. Rc6+ Kg5 37. Rxb6 Kxg4 38. Rf6 Ra1+ 39. Kf2 Ra2+ 40. Kg1
Rg2+ 41. Kh1 Rb2 42. Kg1 Rb1+ 43. Kf2 Rh1 44. Rxf7 Rxh2+ 45. Kg1 Rd2 46. Rf6 g5
47. Rxa6 Rxd4 48. Ra3 Rxb4 49. Kh2 Rb2+ 50. Kh1 Kh4 51. Kg1 g4 52. Ra4 Re2 53.
Rb4 Kg3 54. Rb3+ Kf4 55. Rb4+ Re4 56. Rb8 Kf3 57. Rb1 Kg3 58. Rb3+ Kh4 59. Rb8
Re3 60. Rc8 Ra3 61. Rf8 Kg3 62. Rf1 Ra4 63. Rb1 Kh4 64. Rc1 g3 65. Rb1 h2+ 0-1

[Event "Baku Open A"]
[Site "Baku AZE"]
[Date "2011.08.09"]
[Round "4"]
[White "Gagunashvili, Merab"]
[Black "Rzayev, Bahruz Iqbal oglu"]
[Result "1/2-1/2"]
[WhiteTitle "GM"]
[WhiteElo "2588"]
[BlackElo "2335"]
[WhiteFideId "13601652"]
[BlackFideId "13403036"]
[EventDate "2011.08.06"]

1. d4 d5 2. c4 e6 3. Nf3 Nf6 4. Nc3 Nbd7 5. Bg5 Be7 6. e3 O-O 7. Qc2 c5 8. cxd5
Nxd5 9. Bxe7 Qxe7 10. Nxd5 exd5 11. dxc5 Nxc5 12. Be2 Be6 13. O-O Rfc8 14. Nd4
Ne4 15. Qd1 Qb4 16. Qb3 a5 17. Rfc1 Qxb3 18. Nxb3 b6 19. Nd4 Rxc1+ 20. Rxc1 Rc8
21. Rd1 Kf8 22. Bd3 Ke7 23. Kf1 g6 24. Ke2 Bd7 25. f3 Nc5 26. Kd2 Ne6 27. Ne2 b5
28. a3 Kd6 29. b4 axb4 30. axb4 Ra8 31. Nc3 Ra3 32. Kc2 d4 33. Ne2 Bc6 34. exd4
Nc7 35. Nc3 Nd5 36. Nxd5 Bxd5 37. Rb1 Kc6 38. Rb2 f5 39. Kd2 Bc4 40. Bxc4 bxc4
41. b5+ Kb6 42. Kc2 Rd3 43. h3 g5 44. Rb4 Rxd4 45. Kc3 Kc5 46. Rb1 Rd3+ 47. Kc2
Rd6 48. Kc3 Rd3+ 49. Kc2 Rd6 1/2-1/2

[Event "Baku Open A"]
[Site "Baku AZE"]
[Date "2011.08.10"]
[Round "5"]
[White "Cheparinov, Ivan"]
[Black "Mchedlishvili, Mikheil"]
[Result "1/2-1/2"]
[WhiteTitle "GM"]
[BlackTitle "GM"]
[WhiteElo "2669"]
[BlackElo "2618"]
[WhiteFideId "2905540"]
[BlackFideId "13600966"]
[EventDate "2011.08.06"]

1. e4 c6 2. d4 d5 3. e5 Bf5 4. Nf3 e6 5. Be2 c5 6. Be3 Ne7 7. dxc5 Nd7 8. Nbd2
Nc6 9. Nb3 Bg4 10. O-O Bxf3 11. Bxf3 Ndxe5 12. Be2 Be7 13. c3 O-O 14. Nd4 a5 15.
a4 Nxd4 16. cxd4 Nc6 17. Bb5 Bf6 18. f4 Nb4 19. Qd2 b6 20. Rfc1 Rc8 21. cxb6
Qxb6 22. Rc3 Rxc3 23. Qxc3 Qb8 24. Qd2 Rc8 25. Rc1 Rxc1+ 26. Qxc1 Bd8 27. g3 Bb6
28. Kg2 Qc7 29. Qxc7 Bxc7 30. Kf3 Nc2 31. Ke2 Nxe3 32. Kxe3 1/2-1/2

[Event "Baku Open A"]
[Site "Baku AZE"]
[Date "2011.08.10"]
[Round "5"]
[White "Maghalashvili, Davit"]
[Black "Mamedov, Rauf"]
[Result "1/2-1/2"]
[WhiteTitle "IM"]
[BlackTitle "GM"]
[WhiteElo "2463"]
[BlackElo "2679"]
[WhiteFideId "13602276"]
[BlackFideId "13401653"]
[EventDate "2011.08.06"]

1. d4 d6 2. Nf3 g6 3. g3 Bg7 4. Bg2 Nd7 5. c4 e5 6. Nc3 exd4 7. Nxd4 Ne7 8. O-O
O-O 9. e4 Nc6 10. Nde2 a5 11. Be3 Nde5 12. b3 a4 13. h3 Re8 14. Rc1 Nb4 15. Nf4
axb3 16. axb3 h6 17. Nfd5 Nxd5 18. cxd5 b6 19. Nb5 Re7 20. f4 Ba6 21. Nd4 Nd3
22. Nc6 Qe8 23. Nxe7+ Qxe7 24. Rb1 Nc5 25. Re1 Nd3 26. Re2 Nc5 27. Re1 Nd3 28.
Re2 Nc5 1/2-1/2

[Event "Baku Open A"]
[Site "Baku AZE"]
[Date "2011.08.10"]
[Round "5"]
[White "Rzayev, Bahruz Iqbal oglu"]
[Black "Abbasov, Farid"]
[Result "0-1"]
[BlackTitle "GM"]
[WhiteElo "2335"]
[BlackElo "2529"]
[WhiteFideId "13403036"]
[BlackFideId "13400665"]
[EventDate "2011.08.06"]

1. e4 g6 2. d4 Bg7 3. Nc3 c6 4. f4 d5 5. e5 h5 6. Nf3 Nh6 7. Be3 Bg4 8. h3 Nf5
9. Bf2 Bxf3 10. Qxf3 h4 11. Bd3 e6 12. Ne2 Bf8 13. b3 a5 14. O-O Na6 15. c3 Ba3
16. Kh2 Kf8 17. Rg1 Qe7 18. Rab1 b5 19. Bxf5 exf5 20. c4 Nc7 21. Nc3 Qd7 22.
cxd5 cxd5 23. Be3 Kg7 24. Bc1 Be7 25. a4 Rab8 26. Bd2 bxa4 27. Nxa4 Nb5 28. Bxa5
Nxd4 29. Qd3 Ne6 30. Rgd1 d4 31. Bb6 Rhc8 32. Qd2 d3 33. Be3 Rd8 34. Bb6 Rxb6
35. Nxb6 Qd4 36. Nc4 Nxf4 37. Qe3 Ne2 38. Qxd4 Rxd4 39. Nb2 Nc3 40. Rbc1 Nxd1
41. Rxd1 d2 42. Kg1 Ba3 43. Nc4 Bb4 44. Kf2 Rd3 45. Ke2 Rxb3 46. Nxd2 Rb2 47.
Ke3 Rxd2 48. Rxd2 Bxd2+ 49. Kxd2 Kf8 50. Ke3 g5 51. Kd4 Ke7 52. Kd5 Kd7 53. Kc5
g4 54. Kd4 gxh3 55. gxh3 Ke6 56. Ke3 Kxe5 57. Kf3 f6 0-1

[Event "Baku Open A"]
[Site "Baku AZE"]
[Date "2011.08.10"]
[Round "5"]
[White "Ibrahimov, Rasul"]
[Black "Mammadov, Ayaz Arzu oglu"]
[Result "1/2-1/2"]
[WhiteTitle "GM"]
[BlackTitle "FM"]
[WhiteElo "2547"]
[BlackElo "2382"]
[WhiteFideId "13400495"]
[BlackFideId "13402579"]
[EventDate "2011.08.06"]

1. d4 d5 2. c4 e6 3. Nf3 Nf6 4. g3 dxc4 5. Bg2 Nc6 6. Qa4 Bb4+ 7. Bd2 Nd5 8.
Bxb4 Nxb4 9. O-O Bd7 10. Ne5 a5 11. Nxd7 Qxd7 12. a3 Nd5 13. Qxc4 Nb6 14. Bxc6
Nxc4 15. Bxd7+ Kxd7 16. b3 Nd6 17. Nc3 c6 18. Rfd1 Ke7 19. f3 Rhd8 20. Kf2 Ne8
21. e4 f5 22. Ke3 1/2-1/2

[Event "Baku Open A"]
[Site "Baku AZE"]
[Date "2011.08.10"]
[Round "5"]
[White "Najer, Evgeniy"]
[Black "Idani, Pouya"]
[Result "1-0"]
[WhiteTitle "GM"]
[BlackTitle "FM"]
[WhiteElo "2643"]
[BlackElo "2406"]
[WhiteFideId "4118987"]
[BlackFideId "12510130"]
[EventDate "2011.08.06"]

1. e4 c5 2. Nf3 d6 3. d4 cxd4 4. Nxd4 Nf6 5. Nc3 a6 6. Bg5 Nbd7 7. Qe2 Qc7 8.
O-O-O e6 9. f4 b5 10. a3 Be7 11. g4 Bb7 12. Bh4 g6 13. Kb1 e5 14. fxe5 Nxe5 15.
Rg1 O-O 16. g5 Nfd7 17. Be1 Rfe8 18. h4 Bf8 19. h5 Bg7 20. hxg6 hxg6 21. Qh2 Nf8
22. Rg3 Rac8 23. Bf2 d5 24. Bh3 Rcd8 25. exd5 Bxd5 26. Ndxb5 axb5 27. Nxd5 Rxd5
28. Rxd5 Nf3 29. Qh1 Re2 30. Qd1 Rxf2 31. Rxf3 1-0

[Event "Baku Open A"]
[Site "Baku AZE"]
[Date "2011.08.11"]
[Round "6"]
[White "Mamedov, Rauf"]
[Black "Sanikidze, Tornike"]
[Result "1/2-1/2"]
[WhiteTitle "GM"]
[BlackTitle "GM"]
[WhiteElo "2679"]
[BlackElo "2525"]
[WhiteFideId "13401653"]
[BlackFideId "13602608"]
[EventDate "2011.08.06"]

1. e4 c6 2. d3 d5 3. Nd2 e5 4. Qe2 Nf6 5. Ngf3 Bd6 6. g3 O-O 7. Bg2 Re8 8. O-O
h6 9. Re1 Be6 10. h3 Nbd7 11. Nf1 Nc5 12. Nh4 Bf8 13. b3 a5 14. Bb2 d4 15. Nf3
Nfd7 16. c3 dxc3 17. Bxc3 Qc7 18. d4 exd4 19. Nxd4 Ne5 20. f4 Ned3 21. Red1 Rad8
22. e5 Bd5 23. Ne3 Bxg2 24. Kxg2 Nb4 25. Nf3 Rxd1 26. Rxd1 Rd8 27. Bd4 Nd5 28.
Nxd5 Rxd5 29. Bxc5 Bxc5 30. Rxd5 cxd5 31. f5 Qc6 32. e6 fxe6 33. fxe6 Be7 34.
Nd4 Qc3 35. Nf5 Kf8 36. g4 d4 37. Qf3 Qc2+ 38. Kg3 Qc7+ 39. Qf4 Qc3+ 40. Kf2
Qc2+ 41. Kf3 Qd3+ 42. Kf2 Qc2+ 43. Kg3 Qc3+ 44. Qf3 Qc7+ 45. Kf2 Qc2+ 46. Kg1
Qc1+ 47. Qf1 Qxf1+ 48. Kxf1 d3 49. Ne3 Bh4 50. a4 Bg5 51. Nd5 Bh4 52. Nf4 Ke8
53. Nxd3 Ke7 54. Nc5 b6 55. Nd7 Kxe6 56. Nxb6 Bd8 57. Nc4 Kd5 58. Ke2 Kd4 59.
Kd2 Ke4 60. Nd6+ Kf3 61. Kd3 Kg3 62. Ke4 Kxh3 63. Kf3 Be7 64. Nc4 Bb4 65. Ne3 g6
66. Nd5 Bd6 67. Nf6 Kh4 68. Ne4 Bb4 69. Nf6 Bd6 70. Ne4 Bb4 71. Nf6 1/2-1/2

[Event "Baku Open A"]
[Site "Baku AZE"]
[Date "2011.08.11"]
[Round "6"]
[White "Guliev, Sarhan"]
[Black "Heydarli, Kanan Beyukkishi oglu"]
[Result "1-0"]
[WhiteTitle "GM"]
[BlackTitle "FM"]
[WhiteElo "2500"]
[BlackElo "2387"]
[WhiteFideId "13400231"]
[BlackFideId "13404423"]
[EventDate "2011.08.06"]

1. d4 d5 2. c4 e6 3. Nf3 dxc4 4. e3 Nf6 5. Bxc4 a6 6. a4 c5 7. O-O Be7 8. Nc3
O-O 9. Qe2 cxd4 10. exd4 Nc6 11. Rd1 Bd7 12. Ne5 Nb4 13. Bg5 Bc6 14. Nxc6 bxc6
15. a5 Qc7 16. Ra4 Rfb8 17. g3 Rb7 18. Bf4 Qd8 19. g4 Rd7 20. Be5 Bf8 21. g5 Ne8
22. Qg4 c5 23. dxc5 Rxd1+ 24. Nxd1 Bxc5 25. Ra1 Ra7 26. h4 Rd7 27. Bc3 Nc7 28.
h5 Ncd5 29. g6 f5 30. gxh7+ Kh8 31. Qf3 Nc2 32. Rb1 Qg5+ 33. Kf1 Kxh7 34. Bxa6
Nxc3 35. bxc3 Na3 36. Rb7 Qd2 37. Rxd7 Qxd7 38. Bd3 Nb5 39. Qg3 Nc7 40. Be2 Qc6
41. Kg1 Kh8 42. Bf3 Qd7 43. Nb2 Na6 44. Nc4 Qa4 45. Ne5 Qa1+ 46. Kg2 Qxa5 47.
Qg6 Qxc3 48. Qxe6 Qd2 49. Qc8+ Kh7 50. Qxf5+ Kg8 51. Qe6+ Kh8 52. Qc8+ Kh7 53.
Qf5+ Kh8 54. Ng6+ Kh7 55. Nf8+ 1-0

[Event "Baku Open A"]
[Site "Baku AZE"]
[Date "2011.08.11"]
[Round "6"]
[White "Abbasov, Farid"]
[Black "Izzat, Kanan Azar oglu"]
[Result "1/2-1/2"]
[WhiteTitle "GM"]
[BlackTitle "FM"]
[WhiteElo "2529"]
[BlackElo "2185"]
[WhiteFideId "13400665"]
[BlackFideId "13405209"]
[EventDate "2011.08.06"]

1. Nf3 Nf6 2. c4 g6 3. Nc3 d5 4. cxd5 Nxd5 5. d3 Bg7 6. Bd2 O-O 7. g3 c5 8. Bg2
Nc6 9. Rc1 b6 10. d4 Nxc3 11. Bxc3 cxd4 12. Nxd4 Bxd4 13. Bxc6 Bxc3+ 14. Rxc3
Rb8 15. Qa4 Bh3 16. Qh4 Rc8 1/2-1/2

[Event "Baku Open A"]
[Site "Baku AZE"]
[Date "2011.08.11"]
[Round "6"]
[White "Dovliatov, Sanan"]
[Black "Ibrahimov, Rasul"]
[Result "1/2-1/2"]
[WhiteTitle "IM"]
[BlackTitle "GM"]
[WhiteElo "2411"]
[BlackElo "2547"]
[WhiteFideId "13400770"]
[BlackFideId "13400495"]
[EventDate "2011.08.06"]

1. e4 c5 2. Ne2 Nf6 3. Nbc3 d6 4. g3 g6 5. Bg2 Nc6 6. d4 cxd4 7. Nxd4 Nxd4 8.
Qxd4 Bg7 9. O-O O-O 10. Qb4 a5 11. Qb3 Be6 12. Qxb7 Nd7 13. Rd1 Bc4 14. Qc6 Nc5
15. e5 Rc8 16. Qf3 Bxe5 17. Bh6 Re8 18. Rab1 e6 19. Re1 Qf6 20. Qe3 Bd4 21. Qd2
d5 22. h4 Nd7 23. Bg5 Qg7 24. Nd1 Bb6 25. b3 Ba6 26. c4 d4 27. Nb2 Nc5 28. b4
axb4 29. Qxb4 Bd8 30. Bd2 Qf8 31. Qa3 Be7 32. Bb4 Bb7 33. Bxb7 Nxb7 34. Bxe7
Qxe7 35. Qf3 e5 36. Qd5 Rc5 37. Qg2 e4 38. Rbd1 e3 39. fxe3 dxe3 40. Rd5 Rxd5
41. Qxd5 Nc5 42. Nd3 Nxd3 43. Qxd3 Qe5 44. Kg2 Re6 45. a4 Qc5 46. Qd1 1/2-1/2

[Event "Baku Open A"]
[Site "Baku AZE"]
[Date "2011.08.12"]
[Round "7"]
[White "Romanov, Evgeny"]
[Black "Bruzon Batista, Lazaro"]
[Result "1/2-1/2"]
[WhiteTitle "GM"]
[BlackTitle "GM"]
[WhiteElo "2624"]
[BlackElo "2673"]
[WhiteFideId "4148843"]
[BlackFideId "3503739"]
[EventDate "2011.08.06"]

1. Nf3 Nf6 2. c4 e6 3. Nc3 d5 4. d4 Nbd7 5. cxd5 exd5 6. Qc2 c6 7. Bf4 Nh5 8.
Bg5 Be7 9. Bxe7 Qxe7 10. e3 Nb6 11. Be2 g6 12. O-O O-O 13. Qb3 Bg4 14. a4 Bxf3
15. Bxf3 Nf6 16. Be2 Nc8 17. Qa3 Qxa3 18. Rxa3 Re8 19. g4 Nd6 20. h3 Kg7 21. b4
a6 22. Rfa1 Rac8 23. Rd1 h6 24. Rb3 Re7 25. b5 axb5 26. axb5 c5 27. dxc5 Rxc5
28. Na4 Rc2 29. Bd3 Rc8 30. Rb4 Rec7 31. Kg2 Rc1 32. Rxc1 Rxc1 33. Rd4 Nde4 34.
Bxe4 Nxe4 35. Rxd5 Rc2 36. Kf3 Ng5+ 37. Kg2 Ne4 38. Kf3 Ng5+ 39. Kg2 1/2-1/2